000 00953nam a2200289 i 4500
003 EG-GICUC
005 20260303172156.0
008 260303s1917 fr ||||fr|||| 00| 0 fre d
040 _aEG-GiCUC
_bfre
_cEG-GiCUC
_dEG-GiCUC
_eRda
041 _afre
082 0 4 _221
_a341.6
_b
092 0 4 _221
099 _aLaw1 11 341.6 LÉ 1917
245 _aLégislation Du La Guerre De 1914-1917 :
_bLois, Decrets, Arrétés Ministériels Et Circulaires Ministerielles /
_nVol.6 ,
_cRECUEIL SIREY .
264 _aParis :
_bRECUEIL SIREY .
_c1917.
300 _a367 page ;
_c 24 cm.
336 _2rda contenu
_a texte
337 _2rda medias
_aOrdinateur
338 _2 transporteur rda
_a Ressource en ligne
546 _aTexte en français
650 1 _aDroit de la guerre
650 1 _a Droit international humanitaire
651 1 _2qrmak
856 4 0 _uhttps://fll.law.cu.edu.eg/fulltext/bks/B11-08726.pdf
905 _a60
942 _2ddc
_cBK
_e21
_n0
999 _c64720
_d64720